The Genesis of gold mineralization in carbonate rocks in South Uzbekistan
Elmentve itt :
| Szerzők: | |
|---|---|
| Dokumentumtípus: | Cikk |
| Megjelent: |
Department of Mineralogy, Geochemistry and Petrology, University of Szeged
Szeged
2003
|
| Sorozat: | Acta mineralogica-petrographica
2 Acta mineralogica-petrographica : abstract series 2 |
| Kulcsszavak: | Földtan, Ásványtan, Kőzettan |
| Tárgyszavak: | |
| Online Access: | http://acta.bibl.u-szeged.hu/31510 |
| LEADER | 01066nab a2200265 i 4500 | ||
|---|---|---|---|
| 001 | acta31510 | ||
| 005 | 20260212145239.0 | ||
| 008 | 161017s2003 hu o 000 eng d | ||
| 022 | |a 0324-6523, 1589-4835 | ||
| 040 | |a SZTE Egyetemi Kiadványok Repozitórium |b hun | ||
| 041 | |a eng | ||
| 100 | 1 | |a Polykovsky V. S. | |
| 245 | 1 | 4 | |a The Genesis of gold mineralization in carbonate rocks in South Uzbekistan |h [elektronikus dokumentum] / |c Polykovsky V. S. |
| 260 | |a Department of Mineralogy, Geochemistry and Petrology, University of Szeged |b Szeged |c 2003 | ||
| 300 | |a 161 | ||
| 490 | 0 | |a Acta mineralogica-petrographica |v 2 | |
| 490 | 0 | |a Acta mineralogica-petrographica : abstract series |v 2 | |
| 650 | 4 | |a Természettudományok | |
| 650 | 4 | |a Föld- és kapcsolódó környezettudományok | |
| 695 | |a Földtan, Ásványtan, Kőzettan | ||
| 700 | 0 | 1 | |a Finkelshtein Y. I. |e aut |
| 700 | 0 | 1 | |a Sharipov R. A. |e aut |
| 700 | 0 | 1 | |a Meschaninov E. Z. |e aut |
| 700 | 0 | 1 | |a Ivanova N. A. |e aut |
| 856 | 4 | 0 | |u http://acta.bibl.u-szeged.hu/31510/1/mineralogica_as_002_161.pdf |z Dokumentum-elérés |